Vývoj zamestnanosti v EÚ a SR v členení podľa klasifikácie zamestnaní
Štruktúrne zmeny v zamestnanosti podľa klasifikácie zamestnaní. Vývoj štruktúry zamestnanosti podľa medzinárodnej klasifikácie zamestnaní v období 1998 - 2009 v SR. Vývoj štruktúry zamestnanosti podľa medzinárodnej klasifikácie zamestnanosti v období 1998 - 2009 v krajinách EÚ 15. Korelačná analýza...
Gespeichert in:
| 1. Verfasser: | |
|---|---|
| Format: | Buchkapitel |
| Sprache: | Slowakisch |
| Schlagworte: | |
| Tags: |
Keine Tags, Fügen Sie das erste Tag hinzu!
|
MARC
| LEADER | 00000nla$a2200000$$$4500 | ||
|---|---|---|---|
| 001 | 0134986 | ||
| 005 | 20240502072521.5 | ||
| 041 | 0 | |a slo | |
| 044 | |a SK | ||
| 245 | 1 | 0 | |a Vývoj zamestnanosti v EÚ a SR v členení podľa klasifikácie zamestnaní |c Ján Kavec |
| 520 | |a Štruktúrne zmeny v zamestnanosti podľa klasifikácie zamestnaní. Vývoj štruktúry zamestnanosti podľa medzinárodnej klasifikácie zamestnaní v období 1998 - 2009 v SR. Vývoj štruktúry zamestnanosti podľa medzinárodnej klasifikácie zamestnanosti v období 1998 - 2009 v krajinách EÚ 15. Korelačná analýza vývoja zamestnanosti podľa klasifikácie zamestnaní ISCO 88. Vplyv štruktúrnych zmien zamestnanosti na produktivitu práce. Regresné charakteristiky vzťahu vývoja zamestnanosti v hlavnej triede 3 klasifikácie zamestnaní a produktivity práce v EÚ 15 v období 1998 - 2009. | ||
| 610 | 2 | 0 | |a zamestnanosť |
| 610 | 2 | 0 | |a klasifikácia zamestnaní |
| 610 | 2 | 0 | |a analýza korelačná |
| 610 | 2 | 0 | |a rady časové |
| 610 | 2 | 0 | |a produktivita práce |
| 610 | 2 | 0 | |a porovnanie medzinárodné |
| 610 | 2 | 0 | |a Slovensko |
| 610 | 2 | 0 | |a Európska únia |
| 100 | 1 | |a Kavec, Ján | |